Statystyki dla 20 najlepszych reprezentacji według rankingu FIFA

Kliknij tutaj aby rozwiązać quiz!

Ogólne statystyki

  • Ten quiz został rozwiązany 19,724 razy
  • Średni wynik to 13 z 20

Statystyki odpowiedzi

Numer w rankingu Państwo % Correct
1Niemcy
98%
6Brazylia
96%
7Francja
95%
9Hiszpania
94%
2Argentyna
94%
7Portugalia
89%
13Anglia
83%
4Belgia
83%
11Włochy
82%
5Holandia
76%
3Kolumbia
62%
14Chile
61%
19Chorwacja
59%
10Urugwaj
58%
20Meksyk
50%
12Szwajcaria
48%
17Czechy
29%
16Kostaryka
16%
15Rumunia
10%
18Algieria
9%

Rozkład punktacji

Percentyl według liczby udzielonych odpowiedzi

Procent ludzi z każdym wynikiem

Twoja historia wyników

Nie rozwiązałeś tego quizu